00365nam a22001097a 450000500170000002000180001708200160003510000170005124501190006826000490018730000190023620260618155437.0 a9781009582032 a323.1 DUT/I aDutta,Sagnik aIn the shadow of minority rights:bdecolonising gender,liberalism and the politics of difference/cby Sagnik Dutta a. -U K b: Cambridge University pressc,2025 axiii+184 pages